000 00422cam a22001097a 4500
008 180718b1986 xxu||||| |||| 00| 0 eng d
082 _aB1096 In7 2
100 _aJimenez, J.
245 _aCenter-periphery analysis of research and development resource allocation: preliminary results of ICSOPRU
_cby J. Jimenez...[et.al.]
260 _aNew Delhi
_bInstitute of Social Sciences
_c1986
500 _aXI World Congress of Sociology
999 _c440830
_d440830